00357nam a2200121Ia 4500008004100000020002200041082001500063245005500078260003100133300001000164500001300174650004800187120629s9999 xx 000 0 und d a978-84-206-3700-6 a616.8907 s aSigmun Freud Psicopatología de la vida cotidiana aMadrid, España : Alianza a333 p aÍndice aPSICOPATOLOGÍA \ ENFERMEDADES MENTALESÌ